<?xml version="1.0" encoding="UTF-8"?>
<record
    xmlns:xsi="http://www.w3.org/2001/XMLSchema-instance"
    xsi:schemaLocation="http://www.loc.gov/MARC21/slim http://www.loc.gov/standards/marcxml/schema/MARC21slim.xsd"
    xmlns="http://www.loc.gov/MARC21/slim">

  <leader>00819nam a2200217Ia 4500</leader>
  <controlfield tag="008">200826s9999||||xx |||||||||||||| ||und||</controlfield>
  <datafield tag="020" ind1=" " ind2=" ">
    <subfield code="a">7214028085</subfield>
  </datafield>
  <datafield tag="020" ind1=" " ind2=" ">
    <subfield code="a">9787214028082</subfield>
  </datafield>
  <datafield tag="041" ind1=" " ind2=" ">
    <subfield code="a">chi</subfield>
    <subfield code="h">eng</subfield>
  </datafield>
  <datafield tag="050" ind1=" " ind2=" ">
    <subfield code="a">DS771</subfield>
    <subfield code="b">.C6713 2015</subfield>
  </datafield>
  <datafield tag="100" ind1=" " ind2=" ">
    <subfield code="a">Cohen, Paul A. </subfield>
  </datafield>
  <datafield tag="245" ind1=" " ind2="0">
    <subfield code="a">&#x5386;&#x53F2;&#x4E09;&#x8C03;: </subfield>
    <subfield code="b">&#x4F5C;&#x4E3A;&#x4E8B;&#x4EF6;,&#x7ECF;&#x5386;&#x548C;&#x795E;&#x8BDD;&#x7684;&#x4E49;&#x548C;&#x56E2; = History in three keys /</subfield>
    <subfield code="c">&#x67EF;&#x6587; (Paul A. Cohen) &#x8457;; &#x675C;&#x7EE7;&#x4E1C; &#x8BD1; </subfield>
  </datafield>
  <datafield tag="246" ind1=" " ind2=" ">
    <subfield code="a">&#x6B77;&#x53F2;&#x4E09;&#x8ABF; :</subfield>
    <subfield code="b">&#x4F5C;&#x70BA;&#x4E8B;&#x4EF6;&#x3001;&#x7D93;&#x6B77;&#x548C;&#x795E;&#x8A71;&#x7684;&#x7FA9;&#x548C;&#x5718; = History in three keys /</subfield>
  </datafield>
  <datafield tag="260" ind1=" " ind2=" ">
    <subfield code="a">&#x5317;&#x4EAC;&#xFF1A;</subfield>
    <subfield code="b">&#x793E;&#x4F1A;&#x79D1;&#x5B66;&#x6587;&#x732E;&#x51FA;&#x7248;&#x793E;,</subfield>
  </datafield>
  <datafield tag="300" ind1=" " ind2=" ">
    <subfield code="a">533 p.</subfield>
    <subfield code="b">; </subfield>
    <subfield code="c">23 cm.</subfield>
  </datafield>
  <datafield tag="500" ind1=" " ind2=" ">
    <subfield code="a">Translation of: History in three keys: the boxers as event, experience, and myth.</subfield>
  </datafield>
  <datafield tag="650" ind1=" " ind2=" ">
    <subfield code="a">China--History--Boxer Rebellion, 1899-1901.&#xA0;</subfield>
  </datafield>
  <datafield tag="700" ind1=" " ind2=" ">
    <subfield code="a">&#x675C;&#x7EE7;&#x4E1C;</subfield>
  </datafield>
  <datafield tag="700" ind1=" " ind2=" ">
    <subfield code="a">&#x67EF;&#x6587;</subfield>
  </datafield>
  <datafield tag="952" ind1=" " ind2=" ">
    <subfield code="0">0</subfield>
    <subfield code="1">0</subfield>
    <subfield code="4">0</subfield>
    <subfield code="7">0</subfield>
    <subfield code="a">GETS</subfield>
    <subfield code="b">GETS</subfield>
    <subfield code="c">GEN</subfield>
    <subfield code="d">2020-08-26</subfield>
    <subfield code="g">8.50</subfield>
    <subfield code="l">0</subfield>
    <subfield code="o">DS771.C6713 2015</subfield>
    <subfield code="p">00007921</subfield>
    <subfield code="r">2020-08-26 00:00:00</subfield>
    <subfield code="w">2020-08-26</subfield>
    <subfield code="y">CB</subfield>
  </datafield>
  <datafield tag="999" ind1=" " ind2=" ">
    <subfield code="c">20369</subfield>
    <subfield code="d">20369</subfield>
  </datafield>
</record>
